Disney ( moyen difficulté) - Statistiques

Statistiques générales
  • Ce quiz a été pris 157 fois
    142 depuis la dernière actualisation
  • Le résultat moyen est 12 sur 15
Statistiques - réponses
Question Réponse % Correct
De quelle couleur sont les cheveux de Raiponce Blond
98%
Quel est l'animal que Tiana a embrassé Une grenouille inconnue qui vient sur son balcon
98%
Est ce que la bête aime la belle a la fin ( la belle et la bête) Oui😍
97%
Dans le roi lion comment s'appelle le père de simba 🦁 Mufasa
96%
Quel animal accompagne Mulan Dragon 🐉
95%
En quoi mei mei s'est-t-elle transformée dans Alerte rouge En panda roux 🐼 🧡
88%
Comment Mulan ce coupe t-elle les cheveux En carré
84%
Combien de frères Merida a-t-elle dans le film rebelle 3
83%
De quelle couleur est la robe de la "meilleure amie" de Tiana Rose 🩷
79%
Quel est le premier mot de la chanson le bleu lumière dans Vaiana Le
78%
Dans Encanto quel est le pouvoir de louisa La super force 💪
77%
En quoi joe Gardner s'est t'il transformé,après son retour sur terre après ça mort. Chat 🐈
71%
Combien de (les mondes de Ralph) existent ? 2
59%
Dans wish asha et la bonne étoile comment s'appelle l'étoile Star
50%
Combien y a-t'il de ballons dans la-haut Je sais pas j'ai pas compté
45%
Aucun quiz correspondant
Distribution des résultats
% des personnes avec chaque résultat
Percentile par nombre de réponses
Votre historique - résultats
Vous n’avez pas pris ce quiz depuis la dernière actualisation